00403nam a2200145 a 4500020001800000082001700018100002000035245006400055260003500119300000900154500003500163505002400198650002000222700001500242 a978193209979900a297.409bSAR aSaritoprak Zeki aFundamentals of Rumi`s Thought : A Mevlevi sufi perspective aNew Jersey, USA bLight c2009 a334p aincludes index and biblioraphy2 aBibliography, Index aJalaluddin Rumi1 aCan, Sefik